000 00537cam a2200193 a 4500
020 _a0072885742 (pbk. : alk. paper)
040 _cDLC
082 0 0 _a155 MCG 2005 A001 Or.
100 1 _aBlonna, Richard.
245 1 0 _aCoping with stress in a changing world /
250 _a3rd ed.
260 _aBoston :
_bMcGraw-Hill,
_cc2005.
300 _axv, 380 p. :
_bill. ;
_c28 cm.
650 0 _aStress (Psychology)
650 0 _aStress management.
650 1 2 _aStress, Psychological
650 2 2 _aAdaptation, Physiological.
942 _cEK
999 _c12725
_d12725